Countries With Rocket Sled Testing Sites - Statistics

General Stats
  • This quiz has been taken 16 times
  • The average score is 12 of 16
Answer Stats
# Country Sites % Correct
15 United States Holloman High Speed Test Track 1, Holloman High Speed Test Track 2, Holloman High Speed Test Track 3, Supersonic Naval Ordnance Research Track, Supersonic Military Air Research Track, Sandia 2, B-4 Transonic Test Track, G-4 Exterior and Terminal Ballistics Test Track, ETTC KEMTF Sled Track, Sandia 1, Redstone Test Center Sled Track 1, Redstone Test Center Sled Track 2, New Mexico Tech/EMRTC Sled Track, General Dynamics Ordnance and Tactical Systems, Holloman Maglev Track
100%
3 United States Aberdeen Proving Ground, Extended High-Speed Rocket Sled Track (Closed 1963), Edwards North Base Track (Closed 1953)
100%
1 China AVIC ALI track
92%
5 India Terminal Ballistics Research Laboratory Rail Track Rocket Sled Test Facility 1, 2, 3, 4, and 5
92%
4 France Satory, Istres-Le Tubé Air Base, Cazaux Air Base HB1, Cazaux Air Base HB2
83%
2 France Centre D'essais Des Landes Single Rail R1, Centre D'essais Des Landes Single Rail R2 (foundations for another are also present)
83%
2 Germany Bundeswehr WTD 91 rocket sled track, Unknown I-Beam Track
83%
1 Germany Peenemünde V-1 Launch Ramp (Closed ca. 1945)
83%
3 Russia Rocket rail track 3500 FKP GkNIPAS, RT-2650 FKP NII Geodeziya, TsKP MIK of RFNC-VNIIEF
83%
4 United Kingdom Martin-Baker Langford Lodge (Northern Ireland), Pendine Long Test Track (Wales), Pendine Short Test Track (Wales), Pendine Impact Test Track (Wales)
83%
1 United Kingdom Institute of Aviation Medicine
83%
2 Japan Muroran Institute of Technology APReC HSTT, Muroran Institute of Technology APReC SSTT
75%
1 Italy PISQ, Salto di Quirra
67%
1 South Africa Alkantpan Rocket Sled Range
42%
1 Turkey TÜBİTAK SAGE HABRAS
42%
1 Algeria Base B1, Colomb-Béchar HB3 (Now in France)
17%
No matching quizzes found
Score Distribution
Percent of People with Each Score
Percentile by Number Answered
Your Score History
You have not taken this quiz